Digital Filters and Signal Processing (Record no. 50977)

000 -LEADER
fixed length control field 00362nam a2200145Ia 4500
008 - FIXED-LENGTH DATA ELEMENTS--GENERAL INFORMATION
fixed length control field 260319s9999 xx 000 0 und d
020 ## - INTERNATIONAL STANDARD BOOK NUMBER
International Standard Book Number 9.789384007e+012
082 ## - DEWEY DECIMAL CLASSIFICATION NUMBER
Classification number 621.3822
Item number RAM/D
100 ## - MAIN ENTRY--PERSONAL NAME
Personal name Ramamurthy,S
245 #0 - TITLE STATEMENT
Title Digital Filters and Signal Processing
250 ## - EDITION STATEMENT
Edition statement 1st Ed.
260 ## - PUBLICATION, DISTRIBUTION, ETC.
Place of publication, distribution, etc. New Delhi
Name of publisher, distributor, etc. Medtech
Date of publication, distribution, etc. 2019
300 ## - PHYSICAL DESCRIPTION
Extent 500p.
942 ## - ADDED ENTRY ELEMENTS (KOHA)
Koha item type Book
Holdings
Withdrawn status Lost status Damaged status Not for loan Collection code Permanent Location Current Location Date acquired Cost, normal purchase price Full call number Barcode Date last seen Price effective from Koha item type
        School of Data Science (Noida) MUIT-NOIDA MUIT-NOIDA 2026-03-19 395.00 621.3822 RAM/D DSC01023 2026-03-19 2026-03-19 Book

All Rights Reserved@MUIT

Powered by Koha